00370nam a2200145 a 450000100080000000500110000800800410001910000090006024500290006926000220009830000090012049000620012965300160019165300170020710077141997-10-11 1997 bl uuuu u0uu1 u #d1 aFAO. aAquaculture development. aRome, 1997.c1997 a40p. a(FAO. Technical Guidelines for Responsible Fisheries, 5). aAQUICULTURA aPISCICULTURA